| 000 | 01278 a2200217 4500 | ||
|---|---|---|---|
| 001 | 28999 | ||
| 005 | 20260407155559.0 | ||
| 008 | 260407a1948 arg spa d | ||
| 003 | AR-UNSa-BCEJYS | ||
| 040 |
_aAR-UNSa-BCEJYS _bspa _cAR-UNSa-BCEJYS |
||
| 080 |
_a657 _xContabilidad |
||
| 245 | 1 | 0 | _aEstados consolidados |
| 264 | 1 |
_aMéxico : _bUnión Tipográfica Editorial Hispano-Americana (UTEHA) _c1948 |
|
| 300 |
_a496 p. _c25 cm. |
||
| 505 | _a1. Estados de grupo - 2. Subsidiarias totalmente controladas - 3. Mayoría en subsidiarias controladas - 4. Contabilidad de la compañía matriz - 5. Ganancias no realizadas entre compañías - 6. Control indirecto - 7. Bonos entre compañía. Acciones preferentes - 8. Cambios en estructura de capital en acciones de la subsidiaria - 9. Controles recíproco y circular - 10. Análisis de las plusvalía o crédito mercantil y de superávit de consolidación - 11. Consolidación sin hojas de trabajo completas y otros asuntos - 12. Subsidiarias en el extranjero - 13. Registros de consolidación formales - 14. Análisis de los estados consolidados - 15. Problemas y preguntas de repaso | ||
| 041 | _aspa | ||
| 942 | _cBK | ||
| 590 | _aniveau_biblio:m niveau_hierar:0 | ||
| 100 | 1 | _aCivera, Marin | |
| 700 | 1 | _aLewis, Edwin J.B. | |
| 999 |
_c1784 _d1784 |
||